• 首页
  • 本馆介绍
  • 公告通知
  • 最新文献
  • 馆藏检索
  • 电子资源
  • 读者导购
  • 参考咨询
  • 我的图书馆
  • 登录
  • 详细信息显示
  • 放入我的书架
  • 预约/预借图书
  • 作者相关作品
  • 分类相关作品
  • 丛书相关作品
  • 出版社相关作品

书目信息

  • 表格格式
  • 工作单格式
  • 卡片格式
题名:
王培生传吴式太极剑
    
 
作者: 张耀忠 编著
分册:  
出版信息: 北京   人民体育出版社  2005
页数: 296页
开本: 21cm
丛书名:
单 册:
中图分类: G852.24
科图分类:
主题词: 剑术(武术)--套路(武术) , 剑术(武术) , 套路(武术)
电子资源:
ISBN: 7-5009-2801-7
000 00889nam0 2200265 45
001 1130671890
005 20110310095233.03
010    @a7-5009-2801-7@dCNY20.00
100    @a20110123d2005 em y0chiy50 ea
101 0  @achi
102    @aCN@b110000
105    @aa z 000yy
106    @ar
200 1  @a王培生传吴式太极剑@AWang Pei Sheng Chuan Wu Shi Tai Ji Jian@f张耀忠编著@FZhang Yao Zhong Bian Zhu
210    @a北京@c人民体育出版社@d2005
215    @a296页@c照片,图@d21cm
330    @a本书共分为五章,内容包括:吴式太极剑的源流与特点;剑的基本知识;握剑方法、剑指与剑法;步法、腿法、身法与眼神;动作名称及技术图解。
606 0  @a剑术(武术)@x套路(武术)
606 0  @a剑术(武术)
606 0  @a套路(武术)
610 0  @a太极剑
690    @aG852.24@v4
701  0 @a张耀忠@AZhang Yao Zhong@f(1925~)@4编著
801  0 @aCN@bTANGWEI@c20110310
905    @b0531079-82@dG852.24@e212@f4
    
    王培生传吴式太极剑/张耀忠编著.-北京:人民体育出版社,2005
    296页:照片,图;21cm
    
    
    ISBN 7-5009-2801-7:CNY20.00
    本书共分为五章,内容包括:吴式太极剑的源流与特点;剑的基本知识;握剑方法、剑指与剑法;步法、腿法、身法与眼神;动作名称及技术图解。
●
相关链接 在E读中查询图书 在五车中查询图书 在当当中查询图书 在豆瓣中查询图书


正题名:王培生传吴式太极剑     索取号:G852.24/212         预约/预借

序号 登录号 条形码 馆藏地/架位号 状态 备注
1 0531079   205310796   第一样本阅览室/ [索取号:G852.24/212] 在馆    
2 0531080   205310803   第四借阅区/ [索取号:G852.24/212] 在馆    
3 0531081   205310812   第四借阅区/ [索取号:G852.24/212] 在馆    
4 0531082   205310821   密集书库-体育系/ [索取号:G852.24/212] 在馆    
唐山师范学院图书馆 欢迎您!
大连网信软件有限公司© 版权所有